|
|
|
|
| LEADER |
01854nam a2200385 i 4500 |
| 001 |
34914 |
| 003 |
BD-DhAAL |
| 005 |
20230201112019.0 |
| 008 |
190724t2018 bg 000 0 benod |
| 010 |
|
|
|a 2014348637
|
| 020 |
|
|
|a 9789849074717
|
| 025 |
|
|
|a B-B-2014-348637; 22-92
|
| 037 |
|
|
|b Library of Congress -- New Delhi Overseas Office
|
| 040 |
|
|
|a DLC
|b eng
|e rda
|c DLC
|d DLC
|d BD-DhAAL
|
| 042 |
|
|
|a lcode
|a pcc
|
| 043 |
|
|
|a a-bg---
|
| 082 |
|
|
|a 320.95492
|2 21
|
| 100 |
|
|
|a রহমান, মতিউর
|9 33087
|
| 245 |
|
|
|a মুক্ত গণতন্ত্র রদ্ধ রাজনীতি :
|b বাংলাদেশ ১৯৯১-২০১৭ /
|c মতিউর রহমান
|
| 246 |
3 |
1 |
|a Mukto gonotontro, ruddho rajniti
|
| 250 |
|
|
|a বর্ধিত দ্বিতীয় সংস্করণ
|
| 260 |
|
|
|a ঢাকা :
|b প্রথমা প্রকাশন,
|c c২০১৮
|
| 300 |
|
|
|a ৪৩৫ পৃষ্ঠা ;
|c ২২ সে.মি.
|
| 520 |
|
|
|a Articles on contemporary political issues of Bangladesh.
|
| 526 |
|
|
|a Residential Campus
GenEd (Residential Campus)
|
| 541 |
|
|
|a Development Book Agency
|e 34914, 40762
|
| 546 |
|
|
|a In Bengali.
|
| 650 |
|
|
|a Politics and government.
|9 33088
|
| 651 |
|
0 |
|a Bangladesh
|x Politics and government
|y 1971-
|9 33089
|
| 651 |
|
0 |
|a Bangladesh.
|9 33090
|
| 852 |
|
|
|a Savar Campus Library
|c General Stacks
|
| 942 |
|
|
|2 ddc
|c BK
|
| 999 |
|
|
|c 40985
|d 40985
|
| 952 |
|
|
|0 0
|1 0
|2 ddc
|4 0
|6 320_954920000000000_RAH
|7 0
|9 65760
|a SCL
|b SCL
|c GEN
|d 2019-07-17
|e Development Book Agency
|g 440.00
|l 1
|o 320.95492 RAH
|p 3020034914
|r 2023-02-22
|s 2023-02-15
|t 1
|v 440.00
|w 2019-07-17
|y BK
|
| 952 |
|
|
|0 0
|1 0
|2 ddc
|4 0
|6 320_954920000000000_RAH
|7 0
|9 72924
|a SCL
|b SCL
|c GEN
|d 2023-01-15
|e Development Book Agency
|g 440.00
|l 1
|m 4
|o 320.95492 RAH
|p 3020040762
|r 2026-05-09
|s 2026-02-24
|t 1
|v 440.00
|w 2023-01-15
|y BK
|